| 000 -LEADER |
| fixed length control field |
01805cam a22003857a 4500 |
| 001 - CONTROL NUMBER |
| control field |
16221093 |
| 003 - CONTROL NUMBER IDENTIFIER |
| control field |
Nust- CAS-E |
| 005 - DATE AND TIME OF LATEST TRANSACTION |
| control field |
20180118181408.0 |
| 008 - FIXED-LENGTH DATA ELEMENTS--GENERAL INFORMATION |
| fixed length control field |
100506s2009 paua b i001 0 eng d |
| 010 ## - LIBRARY OF CONGRESS CONTROL NUMBER |
| LC control number |
2010287510 |
| 020 ## - INTERNATIONAL STANDARD BOOK NUMBER |
| International Standard Book Number |
9780873397339 |
| 020 ## - INTERNATIONAL STANDARD BOOK NUMBER |
| International Standard Book Number |
0873397339 |
| 035 ## - SYSTEM CONTROL NUMBER |
| System control number |
(OCoLC)ocn318997352 |
| 040 ## - CATALOGING SOURCE |
| Original cataloging agency |
CDC |
| Transcribing agency |
CDC |
| Modifying agency |
YDXCP |
| -- |
BTCTA |
| -- |
BWX |
| -- |
OCLCQ |
| -- |
CUY |
| -- |
DLC |
| 042 ## - AUTHENTICATION CODE |
| Authentication code |
lccopycat |
| 050 00 - LIBRARY OF CONGRESS CALL NUMBER |
| Classification number |
TJ163.15 |
| Item number |
.E56 2009 |
| 082 04 - DEWEY DECIMAL CLASSIFICATION NUMBER |
| Classification number |
621.042 |
| Author Mark |
ENE 2009 |
| 245 00 - TITLE STATEMENT |
| Title |
Energy technology perspectives : |
| Remainder of title |
conservation, carbon dioxide reduction and production from alternative sources / |
| Statement of responsibility, etc. |
edited by Neale R. Neelameggham. . .[et al.]. |
| 260 ## - PUBLICATION, DISTRIBUTION, ETC. |
| Place of publication, distribution, etc. |
Warrendale, Pa. : |
| Name of publisher, distributor, etc. |
Minerals, Metals & Materials Society, |
| Date of publication, distribution, etc. |
c2009. |
| 300 ## - PHYSICAL DESCRIPTION |
| Extent |
xvii, 264 p. : |
| Other physical details |
ill. ; |
| Dimensions |
23 cm. |
| 500 ## - GENERAL NOTE |
| General note |
Proceedings of symposia sponsored by the Light Metals Division of The Minerals, Metals & Materials Society (TMS). Held during TMS 2009 Annual Meeting & Exhibition, San Francisco, California, USA, February 15-19, 2009. |
| 502 ## - DISSERTATION NOTE |
| Dissertation note |
0 |
| 504 ## - BIBLIOGRAPHY, ETC. NOTE |
| Bibliography, etc. note |
Includes bibliographical references and indexes. |
| 650 #0 - SUBJECT ADDED ENTRY--TOPICAL TERM |
| Topical term or geographic name entry element |
Power resources. |
| 650 #0 - SUBJECT ADDED ENTRY--TOPICAL TERM |
| Topical term or geographic name entry element |
Energy development |
| General subdivision |
Environmental aspects. |
| 650 #0 - SUBJECT ADDED ENTRY--TOPICAL TERM |
| Topical term or geographic name entry element |
Energy policy |
| General subdivision |
Environmental aspects. |
| 650 #0 - SUBJECT ADDED ENTRY--TOPICAL TERM |
| Topical term or geographic name entry element |
Atmospheric carbon dioxide |
| General subdivision |
Environmental aspects. |
| 700 1# - ADDED ENTRY--PERSONAL NAME |
| Personal name |
Neelameggham, Neale R. |
| 710 2# - ADDED ENTRY--CORPORATE NAME |
| Corporate name or jurisdiction name as entry element |
Minerals, Metals and Materials Society. |
| 856 41 - ELECTRONIC LOCATION AND ACCESS |
| Materials specified |
Table of contents only |
| Uniform Resource Identifier |
<a href="http://www.loc.gov/catdir/enhancements/fy1009/2010287510-t.html">http://www.loc.gov/catdir/enhancements/fy1009/2010287510-t.html</a> |
| 856 42 - ELECTRONIC LOCATION AND ACCESS |
| Materials specified |
Publisher description |
| Uniform Resource Identifier |
<a href="http://www.loc.gov/catdir/enhancements/fy1009/2010287510-d.html">http://www.loc.gov/catdir/enhancements/fy1009/2010287510-d.html</a> |
| 906 ## - LOCAL DATA ELEMENT F, LDF (RLIN) |
| a |
7 |
| b |
cbc |
| c |
copycat |
| d |
2 |
| e |
ncip |
| f |
20 |
| g |
y-gencatlg |
| 942 ## - ADDED ENTRY ELEMENTS (KOHA) |
| Source of classification or shelving scheme |
|
| Koha item type |
Book |